Band Logos - Statistics

General Stats
  • This quiz has been taken 375 times
  • The average score is 9 of 16
Answer Stats
Picture Answer % Correct
The Rolling Stones
94%
Pink Floyd
93%
Nirvana
89%
Van Halen
80%
Foo Fighters
76%
Queen
73%
Ramones
58%
Weezer
49%
Avenged Sevenfold
47%
Black Sabbath
47%
Linkin Park
46%
Radiohead
42%
Fall Out Boy
39%
The Grateful Dead
38%
Rage Against the Machine
28%
4 Non Blondes
11%
No matching quizzes found
Score Distribution
Percent of People with Each Score
Percentile by Number Answered
Your Score History
You have not taken this quiz